Le Moment et la durée des infractions pénales. (Record no. 71536)
[ view plain ]
| 000 -LEADER | |
|---|---|
| fixed length control field | 01163nam a2200337 i 4500 |
| 003 - CONTROL NUMBER IDENTIFIER | |
| control field | EG-GICUC |
| 005 - DATE AND TIME OF LATEST TRANSACTION | |
| control field | 20260417093629.0 |
| 008 - FIXED-LENGTH DATA ELEMENTS--GENERAL INFORMATION | |
| fixed length control field | 260417s1967 fr ||||fr|||| 00| 0 fre d |
| 040 ## - CATALOGING SOURCE | |
| Original cataloging agency | EG-GiCUC |
| Language of cataloging | fre |
| Transcribing agency | EG-GiCUC |
| Modifying agency | EG-GiCUC |
| Description conventions | Rda |
| 041 ## - LANGUAGE CODE | |
| Language code of text/sound track or separate title | fre |
| Language code of original | fre |
| 082 04 - DEWEY DECIMAL CLASSIFICATION NUMBER | |
| Edition number | 21 |
| Classification number | 343.1139 |
| Item number | TS . M |
| 092 04 - LOCALLY ASSIGNED DEWEY CALL NUMBER (OCLC) | |
| Edition number | 21 |
| 099 ## - LOCAL FREE-TEXT CALL NUMBER (OCLC) | |
| Classification number | Law1 10 343.1139 TS . M 1967 |
| 100 1# - MAIN ENTRY--PERSONAL NAME | |
| Personal name | Tsarpalas, Angelos |
| Relator term | Auteur |
| 245 13 - TITLE STATEMENT | |
| Title | Le Moment et la durée des infractions pénales. |
| Statement of responsibility, etc. | Par Angelos Tsarpalas, Préfacier Robert Vouin. |
| Number of part/section of a work | Tome 7, |
| 264 #1 - PRODUCTION, PUBLICATION, DISTRIBUTION, MANUFACTURE, AND COPYRIGHT NOTICE | |
| Place of production, publication, distribution, manufacture | Paris : |
| Name of producer, publisher, distributor, manufacturer | Librairie générale de droit et de jurisprudence, |
| Date of production, publication, distribution, manufacture, or copyright notice | 1967. |
| 300 ## - PHYSICAL DESCRIPTION | |
| Extent | 290 pages ; |
| Dimensions | 25 cm. |
| 336 ## - CONTENT TYPE | |
| Source | rda contenu |
| Content type term | texte |
| 337 ## - MEDIA TYPE | |
| Source | rda medias |
| Media type term | Ordinateur |
| 338 ## - CARRIER TYPE | |
| Source | transporteur rda |
| Carrier type term | Ressource en ligne |
| 490 ## - SERIES STATEMENT | |
| Series statement | Bibliothèque de sciences criminelles, |
| Volume/sequential designation | V 7 |
| 504 ## - BIBLIOGRAPHY, ETC. NOTE | |
| Bibliography, etc. note | Bibliogr. p. 279-283 |
| 546 ## - LANGUAGE NOTE | |
| Language note | Texte en français |
| 650 1# - SUBJECT ADDED ENTRY--TOPICAL TERM | |
| Topical term or geographic name entry element | Droit pénal |
| 650 1# - SUBJECT ADDED ENTRY--TOPICAL TERM | |
| Topical term or geographic name entry element | Droit pénal général |
| 650 1# - SUBJECT ADDED ENTRY--TOPICAL TERM | |
| Topical term or geographic name entry element | Autres catégories de crimes |
| 700 1# - ADDED ENTRY--PERSONAL NAME | |
| Personal name | Vouin, Robert |
| Relator term | Préfacier |
| 856 40 - ELECTRONIC LOCATION AND ACCESS | |
| Uniform Resource Identifier | <a href="https://fll.law.cu.edu.eg/fulltext/bks/B10-09146.pdf">https://fll.law.cu.edu.eg/fulltext/bks/B10-09146.pdf</a> |
| 905 ## - Cataloger and Reviser Names | |
| Cataloger Name: | Gomana |
| 942 ## - ADDED ENTRY ELEMENTS (KOHA) | |
| Source of classification or shelving scheme | Dewey Decimal Classification |
| Suppress in OPAC | No |
| Koha item type | Books |
| Edition | 21 |
| Withdrawn status | Lost status | Source of classification or shelving scheme | Materials specified (bound volume or other part) | Damaged status | Not for loan | Collection | Home library | Current library | Date acquired | Total checkouts | Full call number | Barcode | Date last seen | Copy number | Price effective from | Koha item type |
|---|---|---|---|---|---|---|---|---|---|---|---|---|---|---|---|---|
| Dewey Decimal Classification | V7 | Not for loan | القانون الجنائي | جــــامعة القــاهرة | مكتبة كلية الحقوق - المبنى الرئيسي | 17.04.2026 | Law1 10 343.1139 TS . M 1967 1009146 V7, C1 | B10-09146 | 17.04.2026 | 1 | 17.04.2026 | Books | ||||
| Dewey Decimal Classification | V7 | القانون الجنائي | جــــامعة القــاهرة | مكتبة كلية الحقوق - المبنى الرئيسي | 17.04.2026 | Law1 10 343.1139 TS . M 1967 1009147 V7, C2 | B10-09147 | 17.04.2026 | 2 | 17.04.2026 | Books |